Introducing RDA : (Record no. 6622)

000 -LEADER
fixed length control field 01892cam a2200397 a 4500
001 - CONTROL NUMBER
control field 16266874
005 - DATE AND TIME OF LATEST TRANSACTION
control field 20241119102341.0
008 - FIXED-LENGTH DATA ELEMENTS--GENERAL INFORMATION
fixed length control field 100604s2010 ilua b 001 0 eng
010 ## - LIBRARY OF CONGRESS CONTROL NUMBER
LC control number 2010021719
015 ## - NATIONAL BIBLIOGRAPHY NUMBER
National bibliography number GBB082154
Source bnb
016 7# - NATIONAL BIBLIOGRAPHIC AGENCY CONTROL NUMBER
Record control number 015595797
Source Uk
020 ## - INTERNATIONAL STANDARD BOOK NUMBER
International Standard Book Number 9780838935941 (pbk. : alk. paper)
International Standard Book Number 083893594X (pbk. : alk. paper)
035 ## - SYSTEM CONTROL NUMBER
System control number (OCoLC)ocn528423491
040 ## - CATALOGING SOURCE
Original cataloging agency DLC
Transcribing agency DLC
Modifying agency YDXCP
-- T@W
-- UKM
-- EYP
-- C#P
-- JAO
-- CDX
-- CUV
-- BWX
-- LML
-- UTV
-- DLC
042 ## - AUTHENTICATION CODE
Authentication code pcc
050 00 - LIBRARY OF CONGRESS CALL NUMBER
Classification number Z694.15.R47
Item number O45 2010
082 00 - DEWEY DECIMAL CLASSIFICATION NUMBER
Classification number 025.32
Edition number 23
100 1# - MAIN ENTRY--PERSONAL NAME
Personal name Oliver, Chris,
Dates associated with a name 1951-
9 (RLIN) 5408
245 10 - TITLE STATEMENT
Title Introducing RDA :
Remainder of title a guide to the basics /
Statement of responsibility, etc. Chris Oliver.
246 3# - VARYING FORM OF TITLE
Title proper/short title Introducing Resource Description and Access
260 ## - PUBLICATION, DISTRIBUTION, ETC.
Place of publication, distribution, etc. Chicago :
Name of publisher, distributor, etc. American Library Association,
Date of publication, distribution, etc. 2010.
300 ## - PHYSICAL DESCRIPTION
Extent vii, 117 p. :
Other physical details ill. ;
Dimensions 28 cm.
500 ## - GENERAL NOTE
General note "ALA Editions special reports."
504 ## - BIBLIOGRAPHY, ETC. NOTE
Bibliography, etc. note Includes bibliographical references (p. 105-109) and index.
505 0# - FORMATTED CONTENTS NOTE
Formatted contents note What is RDA? -- RDA and the international context -- FRBR and FRAD in RDA -- Continuity with AACR2 -- Where do we see changes? -- Implementing RDA -- Advantages, present and future.
520 ## - SUMMARY, ETC.
Summary, etc. Practical advice for catalogers and library administrators on how to make the transition from the Anglo-American cataloging rules (AACR) to Resource description and access (RDA).
630 00 - SUBJECT ADDED ENTRY--UNIFORM TITLE
Uniform title Resource description & access.
9 (RLIN) 5409
Uniform title Anglo-American cataloguing rules.
9 (RLIN) 5410
650 #0 - SUBJECT ADDED ENTRY--TOPICAL TERM
Topical term or geographic name entry element Descriptive cataloging
General subdivision Standards.
9 (RLIN) 5411
Topical term or geographic name entry element Cataloging
General subdivision Standards.
9 (RLIN) 5412
710 2# - ADDED ENTRY--CORPORATE NAME
Corporate name or jurisdiction name as entry element American Library Association.
9 (RLIN) 5413
906 ## - LOCAL DATA ELEMENT F, LDF (RLIN)
a 7
b cbc
c orignew
d 1
e ecip
f 20
g y-gencatlg
942 ## - ADDED ENTRY ELEMENTS (KOHA)
Source of classification or shelving scheme
Koha item type Books (Long term)
Holdings
Withdrawn status Lost status Source of classification or shelving scheme Damaged status Not for loan Collection code Permanent Location Current Location Shelving location Date acquired Total Checkouts Full call number Barcode Date last seen Price effective from Koha item type Accession Date last checked out
          English Collection Shan State Buddhist University Library Shan State Buddhist University Library English Shelves 07/05/2022   025.32 Ol 17874(1) EB00017874 07/05/2022 07/05/2022 Books (Long term) 17874(1)  
          English Collection Shan State Buddhist University Library Shan State Buddhist University Library English Shelves 07/05/2022   025.32 Ol 17875 EB00017875 07/05/2022 07/05/2022 Books (Long term) 17875(2)  
          English Collection Shan State Buddhist University Library Shan State Buddhist University Library English Shelves 23/05/2022 2 025.32 Ol 18104 EB00018104 21/08/2025 23/05/2022 Books (Long term) 18104 23/07/2025

Library - 09407999929
Admin Office - 09407999979
Dean Office - 09250910768
Registrar Office - 09892297154
Email - [email protected]
Shan State Buddhist University, Phaya Phyu Taunggyi, Shan State, Myanmar.